000 00263nam a22001097a 4500
005 20251013110904.0
008 251013b |||||||| |||| 00| 0 eng d
040 _cPK-LaNCA
082 _a720.92
_bMEM
245 _aMemoirs of an architect: biography
942 _cBK
999 _c66996
_d66996